Encyclopaedic dictionary of managerial economics (Record no. 3170)
[ view plain ]
| 000 -LEADER | |
|---|---|
| fixed length control field | 00478nam a2200169Ia 4500 |
| 020 ## - INTERNATIONAL STANDARD BOOK NUMBER | |
| ISBN | 81-7488-146-8 |
| 082 ## - DEWEY DECIMAL CLASSIFICATION NUMBER | |
| Classification number | RR 658.1503 ENC; |
| 245 #0 - TITLE STATEMENT | |
| Title | Encyclopaedic dictionary of managerial economics |
| 260 ## - PUBLICATION, DISTRIBUTION, ETC. (IMPRINT) | |
| Place of publication | New Delhi |
| Name of publisher | Anmol Publications |
| Year of publication | 2000 |
| 300 ## - PHYSICAL DESCRIPTION | |
| Number of Pages | 590p. |
| 500 ## - GENERAL NOTE | |
| General note | Contents: Vol.1.(A-I 323p.) - v.2.(J-Z 324-590p.) |
| 500 ## - GENERAL NOTE | |
| General note | 2v. |
| 650 ## - SUBJECT ADDED ENTRY--TOPICAL TERM | |
| Topical Term | Managerial economics - Encyclopedias |
| 650 ## - SUBJECT ADDED ENTRY--TOPICAL TERM | |
| Topical Term | Business economics |
| 700 ## - ADDED ENTRY--PERSONAL NAME | |
| Personal name | Chopra, G. L. |
| 942 ## - ADDED ENTRY ELEMENTS (KOHA) | |
| Koha item type | Books |
| Withdrawn status | Lost status | Damaged status | Not for loan | Home library | Current library | Date acquired | Bill Date | Full call number | Accession Number | Price effective from | Koha item type |
|---|---|---|---|---|---|---|---|---|---|---|---|
| NASSDOC Library | NASSDOC Library | 09/09/2004 | 2004-10-05 | RR 658.1503 ENC; | 39137 | 18/04/2019 | Books | ||||
| NASSDOC Library | NASSDOC Library | 09/09/2004 | 2004-10-05 | RR 658.1503 ENC; | 39138 | 18/04/2019 | Books |
